000 01434nam1a2200313 4500
001 v19\rc\1746599
005 20260406101232.0
035 _a(NLR Aleph) 004851954
090 _a4930037
_c4930037
100 _a20260215 rusy50
101 0 _arus
102 _aRU
105 _a||||z||||||y|
200 1 _aРусская история
_eчтения для московских фабрично-заводских рабочих
_e[в 13 вып.
_eсочинение] В. Назаревского
210 _aМосква
_cУниверситетская типография
_d1902–1910
215 _d24–26
300 _aС вып. 7 по 9 убран подзаг.
316 _aЭкз РНБ (34.5.1.133) вып. 1–5, 6–8, 9–10, 11–13 сплетены в пер. с сохранением самостоят. обл. с золотым тиснением на корешке, с суперэкслибрисом Имп. б-ки: изобр. герба и буквы "И. Б."
_5NLR: 34.5.1.133
700 1 _7ca
_8rus
_aНазаревский
_bВ. В.
_f-1919
_gВладимир Владимирович
_92696540
_3RU\NLR\AUTH\770289817
852 _aNLR
_j34.5.1.133
899 _aRuMoRGB
_jF 79/148
899 _aRuMoRGB
_jU 244/47
899 _aБАН
899 _aНБ СПбГУ
899 _aГПИБ
899 _aНБ МГУ
942 _cUNSPEC
980 _aNB